Linux system programming / (Record no. 330)

MARC details
000 -LEADER
fixed length control field 01151cam a22003257a 4500
001 - CONTROL NUMBER
control field 15673795
005 - DATE AND TIME OF LATEST TRANSACTION
control field 20200421093826.0
008 - FIXED-LENGTH DATA ELEMENTS--GENERAL INFORMATION
fixed length control field 090325s2007 cc a b 001 0 eng
010 ## - LIBRARY OF CONGRESS CONTROL NUMBER
LC control number 2009277545
015 ## - NATIONAL BIBLIOGRAPHY NUMBER
National bibliography number GBA6A6085
Source bnb
016 7# - NATIONAL BIBLIOGRAPHIC AGENCY CONTROL NUMBER
Record control number 013629426
Source Uk
020 ## - INTERNATIONAL STANDARD BOOK NUMBER
International Standard Book Number 9780596009588 (pbk.)
020 ## - INTERNATIONAL STANDARD BOOK NUMBER
International Standard Book Number 0596009585 (pbk.)
035 ## - SYSTEM CONTROL NUMBER
System control number (OCoLC)ocm77257007
040 ## - CATALOGING SOURCE
Original cataloging agency UKM
Transcribing agency UKM
Modifying agency BAKER
-- BTCTA
-- YDXCP
-- OCLCQ
-- IXA
-- AU@
-- DLC
042 ## - AUTHENTICATION CODE
Authentication code lccopycat
050 00 - LIBRARY OF CONGRESS CALL NUMBER
Classification number QA76.76.O63
Item number L674 2007
082 04 - DEWEY DECIMAL CLASSIFICATION NUMBER
Classification number 005.4469
Edition information 22
100 1# - MAIN ENTRY--PERSONAL NAME
Personal name Love, Robert
Fuller form of name (Robert M.)
9 (RLIN) 1653
245 10 - TITLE STATEMENT
Title Linux system programming /
Statement of responsibility, etc. Robert Love.
250 ## - EDITION STATEMENT
Edition statement 1st ed.
260 ## - PUBLICATION, DISTRIBUTION, ETC.
Place of publication, distribution, etc. Beijing ;
-- Cambridge :
Name of publisher, distributor, etc. O'Reilly,
Date of publication, distribution, etc. c2007.
300 ## - PHYSICAL DESCRIPTION
Extent xvii, 368 p. :
Other physical details ill. ;
Dimensions 24 cm.
504 ## - BIBLIOGRAPHY, ETC. NOTE
Bibliography, etc. note Includes bibliographical references (p. 351-354) and index.
630 00 - SUBJECT ADDED ENTRY--UNIFORM TITLE
Uniform title Linux.
9 (RLIN) 204
650 #0 - SUBJECT ADDED ENTRY--TOPICAL TERM
Topical term or geographic name entry element Operating systems (Computers)
9 (RLIN) 248
906 ## - LOCAL DATA ELEMENT F, LDF (RLIN)
a 7
b cbc
c copycat
d 2
e ncip
f 20
g y-gencatlg
942 ## - ADDED ENTRY ELEMENTS (KOHA)
Source of classification or shelving scheme Dewey Decimal Classification
Koha item type Books
Holdings
Withdrawn status Lost status Damaged status Not for loan Collection Home library Current library Shelving location Date acquired Barcode Date last seen Price effective from Koha item type
        Reference Centerville Centerville General stacks 09/04/2014 39999000014358 09/04/2014 09/04/2014 Books
        Reference Fairview Fairview General stacks 09/04/2014 39999000014372 09/04/2014 09/04/2014 Books